01387cam a2200313 a 4500001001400000003000800014005001700022006001900039007001500058008004100073020003800114040003000152050002500182082001400207100002000221245012900241260002800370300003400398504005100432520024700483521001700730588004700747650004500794650003900839655002900878710001600907776003500923856011500958EDZ0000064219StDuBDS20161031105126.0m||||||||d||||||||cr |||||||||||120327s2001 enk fo| 001|0|eng d a9781446220801 (ebook) :cNo price aStDuBDSbengcStDuBDSepn 0aHF5415.32b.R58 200104a306.32231 aRitzer, George.10aExplorations in the sociology of consumptionh[electronic resource] :bfast food, credit cards and casinos /cGeorge Ritzer. aLondon :bSAGE,cc2001. a1 online resource (x, 257 p.) aIncludes bibliographical references and index.8 aContaining ideas and insights, this text shows how new processes of consumption relate to globalization theory. It discusses the work of Thorstein and Veblen to unearth the fundamental problems of consumption in older sociological traditions. aSpecialized. aDescription based on print version record. 0aConsumption (Economics)xSocial aspects. 0aConsumer behaviorxSocial aspects. 7aElectronic books.2local2 aSage eBooks08iPrint version :z978076197120740uhttp://ezproxy.alfaisal.edu/login?url=http://sk.sagepub.com/books/explorations-in-the-sociology-of-consumption